000 00417nam a22001697a 4500
003 OSt
005 20210915162057.0
008 210915b |||||||| |||| 00| 0 eng d
020 _a0-8386-66-1153-2
040 _cHAWASSA UNIVERSITY
050 _a323/SCH
_b1
082 _a323/SCH
_b1
100 _aSCHWAB PETER
_qSCHWAB PETER
_94180
245 _aDECISION-MAKING IN ETHIOPIA
260 _c1972
942 _2ddc
_cBOOKS
_n0
999 _c4265
_d4265